000 00555nam a2200193Ia 4500
005 20250326141323.0
008 250326s9999 xx 000 0 und d
020 _a81-7240-047-2
037 _aTextbook
040 _aFMSL
_beng
_cFMSL
041 _aeng
_2eng
084 _aX:74.1 N4
_qFMSL
100 _aErrunza Vihang R
_9401198
245 0 _aInternational business fice
_cErrunza Vihang R And Others
260 _aNew Delhi
_bNew Delhi, Global Business
_c1994
300 _a189p
942 _cTB
_hX:74.1 N4
999 _c1289758
_d1289758